000 00360 a2200157 4500
001 46924
020 _a9788535703115
040 _cAnchieta - Aquarius
100 _aDória, Antonio Sampaio
240 1 0 _a=Um amigo inesquecível
_lpor
245 1 0 _a=Um amigo inesquecível
300 _a
362 0 _a2000
650 4 _aLiteratura brasileira
942 _cBK
999 _c46924
_d46924